000 01858 a2200253 4500
005 20250612161105.0
020 _a9781544331362
050 0 0 _aJZ 1242
_bSCO 2019
100 1 _aScott, James M.,
_d1964-
_eauthor.
245 1 0 _aInternational,Economic,and Human Security in a Changing World /
_cJames M. Scott, Ralph G. Carter, A. Cooper Drury.
250 _aThird edition.
264 1 _aLos Angeles :
_bSage/CQ Press,
_c2019.
300 _axxxii, 464 pages ;
336 _atext
_btxt
_2rdacontent
337 _aunmediated
_bn
_2rdamedia
338 _avolume
_bnc
_2rdacarrier
504 _aIncludes bibliographical references and index.
505 0 _aWorld politics : seeking security in a complicated and connected world -- The players and the playing field : anarchy, states, and non-state actors -- Powerful ideas : realism, liberalism, and constructivism -- Alternative perspectives on international relations -- Understanding conflict : the nature and causes of conflict and war -- Seeking security : managing conflict and war -- Building peace : structures and institutions of cooperation -- The pursuit of economic security : trade, finance, and integration -- Economic statecraft : sanctions, aid, and their consequences -- International development : relations between the haves and have-nots -- Human rights : protecting the most basic security -- Managing the environment : sharing the world or dividing the world? -- Transnational advocacy networks : changing the world? -- International, economic, and human security in the balance : future directions and challenges.
650 0 _aInternational relations
700 1 _aCarter, Ralph G.,
_eauthor.
700 1 _aDrury, A. Cooper,
_eauthor.
942 _2lcc
_cBK
_ethird
_h1242
_iSCO
_kJZ
999 _c11542
_d11542